Forms of thought : a study in philosophical logic /

Bibliographic Details
Main Author: Lowe, E. J. (E. Jonathan)
Format: Book
Language:English
Published: Cambridge ; New York : Cambridge University Press, 2013.
Subjects:

MARC

Tag First Indicator Second Indicator Subfields
LEADER 00000cam a22000004a 4500
001 in00003419084
005 20151205182103.0
008 121207s2013 enka b 001 0 eng
010 |a  2012041306 
020 |a 9781107001251 (hardback) 
020 |a 1107001250 (hardback) 
035 |a (OCoLC)ocn820780937 
040 |a DLC  |c DLC  |d UtOrBLW 
042 |a pcc 
049 |a TXAM 
050 0 0 |a BC71  |b .L69 2013 
082 0 0 |a 160  |2 23 
100 1 |a Lowe, E. J.  |q (E. Jonathan) 
245 1 0 |a Forms of thought :  |b a study in philosophical logic /  |c E.J. Lowe. 
264 1 |a Cambridge ;  |a New York :  |b Cambridge University Press,  |c 2013. 
300 |a xii, 213 pages :  |b illustrations ;  |c 24 cm. 
336 |a text  |b txt  |2 rdacontent 
337 |a unmediated  |b n  |2 rdamedia 
338 |a volume  |b nc  |2 rdacarrier 
504 |a Includes bibliographical references (pages 205-209) and index. 
505 0 |a Introduction -- Individuation, reference, and sortal terms -- Two styles of predication, dispositional and occurrent -- Ontological categories and categorial predication -- What is a criterion of identity? -- Identity conditions and their grounds -- Identity, vagueness, and modality -- Necessity, essence, and possible worlds -- The truth about counterfactuals -- Conditionals and conditional probability. 
650 0 |a Logic. 
945 |a PromptCat  |b 424590 
946 |a stk 
947 |a A14840627679 
948 |a cataloged  |b h  |c 2013/8/20  |d c  |e dmitchel  |f 8:20:10 am 
994 |a 92  |b TXA 
999 |a MARS 
999 f f |s 4b950470-210b-390b-b176-30d1970e0b42  |i 75888941-65a8-3db0-a154-b82307e88c04  |t 0 
952 f f |p normal  |a Texas A&M University  |b College Station  |c Sterling C. Evans Library  |d Evans: Library Stacks  |t 0  |e BC71 .L69 2013  |h Library of Congress classification  |i unmediated -- volume  |m A14840627679 
998 f f |a BC71 .L69 2013  |t 0  |l Evans: Library Stacks